Hollow Knight Hunter's Journal Entries (with Pictures) - Statistics

General Stats
  • This quiz has been taken 63 times
  • The average score is 89 of 168
Answer Stats
Pic. Name % Correct
Gruz Mother
90%
Vengefly King
90%
Vengefly
90%
False Knight
85%
Dung Defender
83%
Flukemarm
83%
Soul Master
83%
Hornet
80%
Pure Vessel
80%
White Defender
80%
Massive Moss Charger
80%
Soul Warrior
80%
Menderbug
80%
Moss Charger
80%
Shade
80%
Grey Prince Zote
78%
Hollow Knight
78%
The Collector
78%
Uumuu
78%
Watcher Knight
78%
Zote
78%
Tiktik
78%
Baldur
76%
Grimm
76%
Nightmare King
76%
Paintmaster Sheo
76%
Radiance
76%
Mantis Lords
76%
No Eyes
76%
Xero
76%
Primal Aspid
76%
Aspid Mother
73%
Broken Vessel
73%
Elder Hu
73%
Gorb
73%
Nailmasters Oro & Mato
73%
Marmu
73%
Nosk
73%
Traitor Lord
73%
Mistake
73%
Crystal Guardian
71%
God Tamer
71%
Hive Knight
71%
Gruzzer
71%
Maggot
71%
Sibling
71%
Markoth
68%
Elder Baldur
68%
Moss Knight
68%
Galien
66%
Oblobble
66%
Crawlid
66%
Obble
66%
Brooding Mawlek
63%
Squit
63%
Aspid Hunter
61%
Great Nailsage Sly
61%
Fool Eater
61%
Hopper
59%
Husk Guard
59%
Mosskin
59%
Grub Mimic
56%
Husk Bully
56%
Leaping Husk
56%
Lifeseed
56%
Mantis Warrior
56%
Wandering Husk
56%
Aspid Hatchling
54%
Great Hopper
54%
Hunter's Mark
54%
Ooma
54%
Void Tendrils
54%
Winged Fool
54%
Flukemunga
51%
Goam
51%
Husk Warrior
51%
Kingsmould
51%
Mantis Petra
51%
Pale Lurker
51%
Shrumal Warrior
51%
Soul Twister
51%
Entombed Husk
49%
Hiveling
49%
Husk Sentry
49%
Maskfly
49%
Shrumal Ogre
49%
Cowardly Husk
46%
Crystal Hunter
46%
Folly
46%
Gorgeous Husk
46%
Husk Miner
46%
Mantis Youth
46%
Mossfly
46%
Uoma
46%
Belfly
44%
Charged Lumafly
44%
Flukefey
44%
Hive Guardian
44%
Volatile Zoteling
44%
Mantis Traitor
44%
Mosscreep
44%
Wingmould
44%
Armoured Squit
41%
Bluggsac
41%
Flukemon
41%
Heavy Fool
41%
Infected Balloon
41%
Weathered Mask
41%
Winged Zoteling
41%
Mawlurk
41%
Pilflip
41%
Stalking Devout
41%
Volatile Gruzzer
41%
Aluba
39%
Crystallised Husk
39%
Duranda
39%
Garpede
39%
Great Husk Sentry
39%
Husk Hive
39%
Grimmkin Novice
39%
Lance Sentry
39%
Lesser Mawlek
39%
Volatile Mosskin
39%
Winged Sentry
39%
Battle Obble
37%
Durandoo
37%
Fungified Husk
37%
Fungoon
37%
Husk Dandy
37%
Husk Hornhead
37%
Grimmkin Nightmare
37%
Hopping Zoteling
37%
Seal of Binding
37%
Mossy Vagabond
37%
Sharp Baldur
37%
Shielded Fool
37%
Slobbering Husk
37%
Violent Husk
37%
Boofly
34%
Death Loodle
34%
Dirtcarver
34%
Fungling
34%
Gluttonous Husk
34%
Gulka
34%
Heavy Sentry
34%
Hwurmp
34%
Void Idol
34%
Little Weaver
34%
Loodle
34%
Sturdy Fool
34%
Grimmkin Master
32%
Shadow Creeper
32%
Shrumeling
32%
Volt Twister
32%
Furious Vengefly
29%
Glimback
29%
Hive Soldier
29%
Lightseed
29%
Royal Retainer
29%
Ambloom
27%
Corpse Creeper
27%
Deepling
27%
Shardmite
27%
Spiny Husk
27%
Sporg
27%
Carver Hatcher
24%
Crystal Crawler
24%
Deephunter
24%
No matching quizzes found
Score Distribution
Percent of People with Each Score
Percentile by Number Answered
Your Score History
You have not taken this quiz